[Event "III Festival"]
[Site "Toscolano-Maderno ITA"]
[Date "1997.10.??"]
[Round "?"]
[White "Cugini, Verter"]
[Black "Crea, Vincenzo"]
[Result "1-0"]
[WhiteElo "2215"]
[BlackElo "2155"]
[PlyCount "73"]
[EventDate "1997.10.18"]

1. e4 e6 2. d4 d5 3. Nd2 dxe4 4. Nxe4 Qd5 5. Nc3 Bb4 6. Nf3 Nf6 7. Bd3 Ne4 8.
Bd2 Bxc3 9. bxc3 Nxd2 10. Qxd2 Nc6 11. O-O Bd7 12. Rfe1 O-O-O 13. c4 Qd6 14. c3
f6 15. Re3 g5 16. Qe2 g4 17. Nd2 f5 18. c5 Qf8 19. Bc4 Qf6 20. Bxe6 Bxe6 21.
Rxe6 Qf7 22. Re1 h5 23. Qb5 Rhe8 24. Qe2 Rxe6 25. Qxe6+ Qxe6 26. Rxe6 Kd7 27.
Rh6 Re8 28. Kf1 Ne7 29. Rxh5 Ke6 30. h3 Rg8 31. Rh6+ Kd5 32. hxg4 fxg4 33. Rh7
Ke6 34. c4 b6 35. d5+ Kd7 36. Ne4 bxc5 37. Nf6+ 1-0

[Event "III Festival"]
[Site "Toscolano-Maderno ITA"]
[Date "1997.10.??"]
[Round "?"]
[White "Cugini, Verter"]
[Black "Di Lazzaro, Gabriele"]
[Result "1-0"]
[WhiteElo "2215"]
[BlackElo "2030"]
[PlyCount "101"]
[EventDate "1997.10.18"]

1. e4 g6 2. d4 Bg7 3. g3 d6 4. Bg2 Nc6 5. d5 Ne5 6. h3 Nf6 7. f4 Ned7 8. Ne2 c6
9. O-O cxd5 10. exd5 Qa5 11. Nbc3 Nc5 12. Be3 O-O 13. Nd4 Na4 14. Nxa4 Qxa4 15.
c3 Qa5 16. Qb3 Bd7 17. Kh2 Rac8 18. Nc2 Bb5 19. Rfd1 Bd7 20. a4 Bf5 21. Qb4
Qxb4 22. Nxb4 a6 23. Bd4 h5 24. Nd3 Nd7 25. Bg1 Rc4 26. a5 Rfc8 27. Ra3 Kf8 28.
Nf2 Nf6 29. Bf3 Be4 30. Nxe4 Nxe4 31. Be2 R4c7 32. Bb6 Rd7 33. Bf3 Nf6 34. Ra4
Ne8 35. g4 hxg4 36. hxg4 f6 37. Kg3 Nc7 38. Rc4 Ke8 39. Rh1 Kf7 40. Bd1 f5 41.
Ba4 Rf8 42. Rxc7 Rxc7 43. Bxc7 Rc8 44. Bb6 g5 45. Bd7 gxf4+ 46. Kxf4 Rc4+ 47.
Kxf5 Be5 48. Rh7+ Kg8 49. Kg6 Rf4 50. Be6+ Kf8 51. Rf7+ 1-0

[Event "III Festival"]
[Site "Toscolano-Maderno ITA"]
[Date "1997.10.??"]
[Round "?"]
[White "Cugini, Verter"]
[Black "Sulava, Nenad"]
[Result "0-1"]
[WhiteElo "2215"]
[BlackElo "2375"]
[PlyCount "58"]
[EventDate "1997.10.18"]

1. e4 c6 2. c4 d5 3. cxd5 cxd5 4. exd5 Nf6 5. Bb5+ Nbd7 6. Nc3 a6 7. Qa4 Rb8 8.
Bxd7+ Bxd7 9. Qf4 b5 10. a3 Rb6 11. Nge2 e6 12. dxe6 Rxe6 13. d4 Bd6 14. Qf3
O-O 15. d5 Re5 16. Bf4 Rf5 17. g4 Rxf4 18. Nxf4 Bxg4 19. Qg3 Re8+ 20. Kf1 Qb8
21. Qd3 Bxf4 22. Kg2 Re5 23. Rae1 Rg5 24. Kf1 Bf5 25. Qf3 Bxh2 26. Qe3 h6 27.
Rd1 Rh5 28. Ne2 Bh3+ 29. Ke1 Bg2 0-1

[Event "III Festival"]
[Site "Toscolano-Maderno ITA"]
[Date "1997.10.??"]
[Round "?"]
[White "De Santis, Alessio"]
[Black "Agnelli, Francesco"]
[Result "1-0"]
[WhiteElo "2185"]
[BlackElo "2085"]
[PlyCount "137"]
[EventDate "1997.10.18"]

1. d4 Nf6 2. Nf3 g6 3. Nbd2 Bg7 4. e4 d6 5. Bd3 O-O 6. O-O Nc6 7. c3 e5 8. dxe5
Nxe5 9. Nxe5 dxe5 10. Qc2 Nh5 11. Re1 Kh8 12. Nc4 Be6 13. Be3 Nf4 14. Bf1 Qe7
15. b4 Rfd8 16. Na5 c6 17. a4 Qc7 18. Nb3 Bf8 19. a5 f5 20. Nc5 Bc8 21. a6 b6
22. Nb7 Re8 23. b5 c5 24. g3 Nh5 25. exf5 Bxf5 26. Bd3 Qf7 27. Rad1 Be6 28. c4
Bg4 29. Be2 Bf5 30. Qc3 Nf6 31. f3 Qc7 32. Bg5 Bg7 33. g4 Be6 34. Bxf6 Bxf6 35.
Bd3 Rab8 36. Be4 Qg7 37. Rd6 Bg5 38. Red1 Bf4 39. Qb2 h5 40. h3 hxg4 41. hxg4
Qh6 42. Rxe6 Rxe6 43. Nd8 Re7 44. Qg2 Rh7 45. Nc6 Rf8 46. g5 Qh4 47. Kf1 Bg3
48. Ke2 Qf4 49. Rh1 Rff7 50. Rh3 Rd7 51. Bd5 Bh4 52. Qg4 Qxg4 53. fxg4 Bxg5 54.
Rxh7+ Rxh7 55. Kf3 Bf4 56. Ke4 Bh2 57. Be6 Kg7 58. Nxa7 Kf6 59. Nc8 Kxe6 60.
Nxb6 Kf6 61. Nd5+ Kg5 62. b6 Rh4 63. a7 Rxg4+ 64. Ke3 Rg3+ 65. Ke2 Ra3 66. b7
Rxa7 67. b8=Q Ra2+ 68. Kd1 e4 69. Qd8+ 1-0

[Event "III Festival"]
[Site "Toscolano-Maderno ITA"]
[Date "1997.10.??"]
[Round "?"]
[White "De Santis, Alessio"]
[Black "Arlandi, Ennio"]
[Result "1/2-1/2"]
[WhiteElo "2185"]
[BlackElo "2470"]
[PlyCount "42"]
[EventDate "1997.10.18"]

1. d4 Nf6 2. Nf3 g6 3. Nbd2 d5 4. e3 Bg7 5. Be2 O-O 6. O-O b6 7. b4 c5 8. c3
Nbd7 9. a4 a5 10. bxc5 bxc5 11. Bb5 Qc7 12. Ba3 Ba6 13. Bxa6 Rxa6 14. Rb1 Rc8
15. Rb5 cxd4 16. cxd4 e6 17. Qb3 Qd8 18. Rb1 Rac6 19. Rb7 Rc3 20. Qb2 Bf8 21.
h3 Kg7 1/2-1/2

[Event "III Festival"]
[Site "Toscolano-Maderno ITA"]
[Date "1997.10.??"]
[Round "?"]
[White "De Santis, Alessio"]
[Black "Belotti, Bruno"]
[Result "1/2-1/2"]
[WhiteElo "2185"]
[BlackElo "2410"]
[PlyCount "119"]
[EventDate "1997.10.18"]

1. d4 Nf6 2. c4 c5 3. d5 b5 4. cxb5 a6 5. bxa6 g6 6. g3 d6 7. Bg2 Bg7 8. Nc3
Bxa6 9. Nh3 Nbd7 10. O-O O-O 11. Qc2 Qa5 12. Rb1 Rfb8 13. Bd2 Ne5 14. b3 Bc8
15. Nf4 Bf5 16. e4 Bc8 17. a4 Ba6 18. Rfd1 Qd8 19. Bc1 Ra7 20. Nfe2 Rab7 21.
Ba3 Qa5 22. Bc1 Rb4 23. f4 c4 24. fxe5 Qb6+ 25. Kh1 Ng4 26. Rf1 Rxb3 27. Ra1
Nf2+ 28. Kg1 Nxe4+ 29. Kh1 Nf2+ 30. Kg1 Nd3+ 31. Kh1 Bxe5 32. a5 Qa7 33. h3 Bb7
34. Ra4 Qa6 35. Ne4 Nb4 36. Qd2 Nxd5 37. Ng5 Nf6 38. Nf3 Ne4 39. Qh6 Bg7 40.
Qf4 Nf6 41. Qxc4 Qxc4 42. Rxc4 Ba6 43. Rc2 Ne4 44. Kh2 Bd3 45. Ra2 Nc3 46. Nxc3
Bxf1 47. Nd5 Bxg2 48. Kxg2 e6 49. Nb6 Bc3 50. Nd7 Ra8 51. a6 e5 52. Be3 Rb2+
53. Rxb2 Bxb2 54. a7 f5 55. Nf6+ Kf7 56. Nd5 Bd4 57. Nxd4 Rxa7 58. Nb5 Ra2+ 59.
Kf3 Ke6 60. Nbc3 1/2-1/2

[Event "III Festival"]
[Site "Toscolano-Maderno ITA"]
[Date "1997.10.??"]
[Round "?"]
[White "De Santis, Alessio"]
[Black "Martinez Martin, David"]
[Result "1-0"]
[WhiteElo "2185"]
[BlackElo "2180"]
[PlyCount "71"]
[EventDate "1997.10.18"]

1. d4 Nf6 2. c4 g6 3. Nc3 Bg7 4. e4 d6 5. Be2 O-O 6. Bg5 c5 7. d5 b5 8. cxb5 a6
9. bxa6 Qa5 10. Qd2 Bxa6 11. Bxa6 Qxa6 12. Nge2 Nbd7 13. O-O Rfb8 14. Rab1 Ne5
15. b3 Rb4 16. f3 Rab8 17. Rfd1 R8b7 18. Qc2 Qa7 19. Be3 Qb8 20. h3 e6 21. Kh1
exd5 22. Nxd5 Nxd5 23. Rxd5 c4 24. Rbd1 cxb3 25. axb3 Rxb3 26. Rxd6 Rd7 27.
Rxd7 Nxd7 28. Rxd7 Rxe3 29. Qd2 Qb1+ 30. Kh2 Be5+ 31. Ng3 Ra3 32. Qd5 Bxg3+ 33.
Kxg3 Qb8+ 34. e5 Kg7 35. Qxf7+ Kh6 36. Qxh7+ 1-0

[Event "III Festival"]
[Site "Toscolano-Maderno ITA"]
[Date "1997.10.??"]
[Round "?"]
[White "Di Lazzaro, Gabriele"]
[Black "Duarte, Riccardo"]
[Result "1-0"]
[WhiteElo "2030"]
[BlackElo "2005"]
[PlyCount "135"]
[EventDate "1997.10.18"]

1. e4 c5 2. Nf3 g6 3. d4 Bg7 4. c3 cxd4 5. Nxd4 Nf6 6. Bd3 O-O 7. O-O Nc6 8.
Be3 Ne5 9. f4 Nxd3 10. Qxd3 Ng4 11. Bc1 d5 12. e5 f6 13. exf6 Bxf6 14. h3 e5
15. hxg4 exd4 16. g5 Bg7 17. cxd4 Qb6 18. Nc3 Bxd4+ 19. Kh2 Bf5 20. Qf3 Bxc3
21. Qxc3 Rac8 22. Be3 Rxc3 23. Bxb6 Rc2 24. Bd4 Be4 25. Rf2 Rxf2 26. Bxf2 a6
27. Be3 Re8 28. Bd4 Rc8 29. Bc3 Rc5 30. Rd1 Kf7 31. Kg3 Ke6 32. Rh1 Rc7 33. Be5
Rd7 34. Rd1 Rd8 35. Rh1 Rd7 36. Rd1 Kf5 37. Kf2 Kg4 38. Rc1 Kf5 39. g3 Bd3 40.
Ke3 Be4 41. Kd4 Bf3 42. b4 Ke6 43. a4 Be4 44. a5 Bf3 45. Rc8 Be4 46. Kc5 Bf3
47. Rf8 Ke7 48. Rf6 Ke8 49. Bd6 Rf7 50. Re6+ Kd7 51. Re3 Be4 52. Be5 Rf8 53.
Kb6 Bg2 54. Re2 Bf1 55. Re1 Bb5 56. Kxb7 Re8 57. Rc1 Bc4 58. Rh1 Re7 59. Bf6
Rf7 60. Re1 Bd3 61. Re3 Bc4 62. g4 Kd6+ 63. Kb6 d4 64. Bxd4 Kd7 65. Bf6 Kd6 66.
f5 Kd7 67. Re4 Bf1 68. Rd4+ 1-0

[Event "III Festival"]
[Site "Toscolano-Maderno ITA"]
[Date "1997.10.??"]
[Round "?"]
[White "Di Lazzaro, Gabriele"]
[Black "Luciani, Valerio"]
[Result "0-1"]
[WhiteElo "2030"]
[BlackElo "2225"]
[PlyCount "148"]
[EventDate "1997.10.18"]

1. e4 e6 2. Qe2 c5 3. g3 Nc6 4. Nf3 d6 5. Bg2 g6 6. O-O Bg7 7. c3 Nge7 8. Na3
O-O 9. Nc2 e5 10. d3 h6 11. Rd1 Kh7 12. d4 Qa5 13. b4 cxb4 14. cxb4 Nxb4 15.
Qe1 Nbc6 16. Qxa5 Nxa5 17. dxe5 dxe5 18. Ba3 Re8 19. Ne3 Be6 20. Bd6 f6 21. Bf1
Bf8 22. Bb5 Nec6 23. Bc7 Re7 24. Bxa5 Nxa5 25. Nd5 Rf7 26. Rac1 Rb8 27. Rd2 h5
28. Rdc2 Bh6 29. Rd1 Kg7 30. Ne1 Rd8 31. Rd3 Bxd5 32. Rxd5 Rdf8 33. Rdc5 Re7
34. Rc7 Rff7 35. Rc8 Rf8 36. Nd3 Rxc8 37. Rxc8 b6 38. Nb4 Kh7 39. Kf1 Bg7 40.
Nd5 Rf7 41. Kg2 Nb7 42. Re8 Nd6 43. Bc6 Nxe8 44. Bxe8 Rf8 45. Bb5 Bh6 46. f4
Kg7 47. Kf3 Rc8 48. a4 Kf7 49. h3 Ke6 50. h4 f5 51. Bf1 exf4 52. gxf4 fxe4+ 53.
Kxe4 Kd6 54. Ne3 Re8+ 55. Kf3 Rf8 56. Ng2 Bxf4 57. Bd3 Bh6+ 58. Kg3 Kc5 59. Ne1
Kb4 60. Bb5 Ka5 61. Nf3 Be3 62. Kg2 a6 63. Bd3 Re8 64. Kf1 Kxa4 65. Bxa6 b5 66.
Bb7 Ka3 67. Bc6 Rb8 68. Ne5 Bd4 69. Nxg6 b4 70. Be4 b3 71. Kg2 Kb2 72. Kf3 Kc1
73. Nf4 Rf8 74. Bd5 b2 0-1

[Event "III Festival"]
[Site "Toscolano-Maderno ITA"]
[Date "1997.10.??"]
[Round "?"]
[White "Di Lazzaro, Gabriele"]
[Black "Perovic, Bozidar"]
[Result "1/2-1/2"]
[WhiteElo "2030"]
[BlackElo "2065"]
[PlyCount "62"]
[EventDate "1997.10.18"]

1. Nf3 Nf6 2. g3 g6 3. b3 Bg7 4. Bb2 O-O 5. Bg2 d5 6. c4 e6 7. O-O c6 8. d3
Nbd7 9. Qc2 Re8 10. e4 dxe4 11. dxe4 e5 12. Nc3 b6 13. Rad1 Qc7 14. Ba3 Bf8 15.
Bxf8 Nxf8 16. Qd2 Bg4 17. Qd6 Qxd6 18. Rxd6 Bxf3 19. Bxf3 Re6 20. Rfd1 Rc8 21.
Bg2 Rxd6 22. Rxd6 Ne8 23. Rd2 Ne6 24. Bh3 N8g7 25. Rd7 Rc7 26. Rxc7 Nxc7 27.
Bd7 c5 28. f3 Nge6 29. Bxe6 Nxe6 30. Nd5 Kf8 31. Nf6 Ke7 1/2-1/2

[Event "III Festival"]
[Site "Toscolano-Maderno ITA"]
[Date "1997.10.??"]
[Round "?"]
[White "Di Lazzaro, Gabriele"]
[Black "Rossi, Giampiero"]
[Result "1-0"]
[WhiteElo "2030"]
[BlackElo "2150"]
[PlyCount "71"]
[EventDate "1997.10.18"]

1. e4 c5 2. c3 d5 3. exd5 Qxd5 4. d4 e6 5. Nf3 Nc6 6. Be2 cxd4 7. cxd4 Nf6 8.
O-O Be7 9. Nc3 Qd6 10. Nb5 Qb8 11. Bg5 a6 12. Nc3 O-O 13. Rc1 Rd8 14. Qd2 Bd7
15. Rfd1 Be8 16. Bd3 b5 17. a3 Qb7 18. Qf4 b4 19. Ne4 Nxe4 20. Qxe4 g6 21. Bxe7
Qxe7 22. Rxc6 Bxc6 23. Qxc6 bxa3 24. bxa3 Qxa3 25. Qe4 a5 26. h4 Rab8 27. h5
Qb3 28. Bc2 Qd5 29. hxg6 hxg6 30. Qf4 Rb2 31. Ne5 Qb7 32. Qf6 Re8 33. Bxg6 fxg6
34. Qxg6+ Kf8 35. Qf6+ Kg8 36. Rd3 1-0

[Event "III Festival"]
[Site "Toscolano-Maderno ITA"]
[Date "1997.10.??"]
[Round "?"]
[White "Duarte, Riccardo"]
[Black "Crea, Vincenzo"]
[Result "0-1"]
[WhiteElo "2005"]
[BlackElo "2155"]
[PlyCount "96"]
[EventDate "1997.10.18"]

1. e4 e6 2. d4 d5 3. exd5 exd5 4. Bd3 Nc6 5. Ne2 Nb4 6. Bf4 Nxd3+ 7. Qxd3 Ne7
8. Nd2 c6 9. Nf3 Bf5 10. Qb3 Qb6 11. Qxb6 axb6 12. c3 Nc8 13. Ng3 Bg6 14. O-O
f6 15. Rfe1+ Kd7 16. Nh4 Bd6 17. Nxg6 hxg6 18. Ne2 g5 19. Bxd6 Nxd6 20. a3 Nc4
21. Rab1 Rhe8 22. f3 Re7 23. Kf2 Rae8 24. a4 Ne3 25. Ng3 g6 26. Nf1 Nc4 27.
Rxe7+ Rxe7 28. b3 Nd6 29. Ne3 b5 30. Ng4 Re6 31. a5 Nf7 32. Ra1 Kc7 33. a6 bxa6
34. Rxa6 Kb7 35. Ra1 f5 36. Ne3 Nd6 37. Re1 Re8 38. Nxf5 gxf5 39. Rxe8 Nxe8 40.
Kg3 Ng7 41. h4 gxh4+ 42. Kxh4 Ne6 43. g4 fxg4 44. Kxg4 b4 45. cxb4 Nxd4 46. f4
Kc7 47. f5 Kd6 48. Kg5 Ke5 0-1

[Event "III Festival"]
[Site "Toscolano-Maderno ITA"]
[Date "1997.10.??"]
[Round "?"]
[White "Duarte, Riccardo"]
[Black "Lantini, Marco"]
[Result "0-1"]
[WhiteElo "2005"]
[BlackElo "2190"]
[PlyCount "86"]
[EventDate "1997.10.18"]

1. e4 e5 2. Nf3 Nf6 3. Nc3 Bb4 4. Bc4 O-O 5. d3 d5 6. exd5 Nxd5 7. Bxd5 Qxd5 8.
Bd2 Bxc3 9. Bxc3 Bg4 10. Qe2 Nc6 11. Qe4 Qxe4+ 12. dxe4 Bxf3 13. gxf3 f5 14.
Rd1 fxe4 15. fxe4 Rf4 16. Rd7 Rxe4+ 17. Kf1 Rc8 18. Rg1 g6 19. Rg3 Rf4 20. Rh3
Rcf8 21. Rdxh7 Rxf2+ 22. Ke1 Rf1+ 23. Ke2 R8f2+ 24. Ke3 Nd4 25. Ke4 Re2+ 26.
Kd5 c6+ 27. Kd6 Rf7 28. Rh8+ Kg7 29. R8h7+ Kg8 30. Rh8+ Kg7 31. R3h7+ Kf6 32.
Rxf7+ Kxf7 33. Rh7+ Kf6 34. Rxb7 Nb5+ 35. Kxc6 Nxc3 36. bxc3 Rxc2 37. Rxa7 e4
38. Ra4 Ke5 39. Ra5+ Kf4 40. h4 e3 41. Rg5 e2 42. Rg1 Rxc3+ 43. Kd5 Rd3+ 0-1

[Event "III Festival"]
[Site "Toscolano-Maderno ITA"]
[Date "1997.10.??"]
[Round "?"]
[White "Duarte, Riccardo"]
[Black "Perich, Stefano"]
[Result "0-1"]
[WhiteElo "2005"]
[BlackElo "2065"]
[PlyCount "68"]
[EventDate "1997.10.18"]

1. e4 d6 2. d4 g6 3. Bd3 Bg7 4. c3 Nd7 5. Be3 e6 6. Nd2 Ne7 7. f4 b6 8. Nh3 Bb7
9. O-O d5 10. f5 O-O 11. fxe6 fxe6 12. Qg4 Rxf1+ 13. Rxf1 Nf8 14. Ng5 Bc8 15.
Nf7 e5 16. Qh4 Qe8 17. Bh6 Bf5 18. exf5 e4 19. f6 Nf5 20. fxg7 Nd7 21. Ng5 Nxh4
22. Rf8+ Nxf8 23. gxf8=Q+ Qxf8 24. Bxf8 exd3 25. Be7 Re8 26. Bf6 Re1+ 27. Kf2
Re2+ 28. Kg3 Nf5+ 29. Kf3 Rxd2 30. g4 Nd6 31. Ke3 Nc4+ 32. Kf3 Rxb2 33. h4 d2
34. Ke2 Rb1 0-1

[Event "III Festival"]
[Site "Toscolano-Maderno ITA"]
[Date "1997.10.??"]
[Round "?"]
[White "Efimov, Igor"]
[Black "Borgo, Giulio"]
[Result "0-1"]
[WhiteElo "2540"]
[BlackElo "2370"]
[PlyCount "85"]
[EventDate "1997.10.18"]

1. d4 Nf6 2. Nf3 d5 3. c4 e6 4. Nc3 Nbd7 5. e3 c6 6. Qc2 Bd6 7. Bd3 O-O 8. O-O
Re8 9. Bd2 h6 10. Rad1 dxc4 11. Bxc4 e5 12. dxe5 Nxe5 13. Nxe5 Bxe5 14. h3 Qe7
15. Bd3 Be6 16. Ne2 Rad8 17. Bc3 Bb8 18. e4 Bc8 19. a3 c5 20. Bxf6 Qxf6 21. f4
Qe7 22. e5 f6 23. Nc3 fxe5 24. Nd5 Qh4 25. Qxc5 Be6 26. Bc4 Rc8 27. Qb4 exf4
28. Rde1 Kh8 29. Bb3 Qg5 30. Qe4 Bf7 31. Qf3 Be5 32. Kh1 Bh5 33. Qf2 Bf7 34.
Qf3 Rcd8 35. Nb4 Bh5 36. Qxb7 f3 37. gxf3 Qg3 38. Rxe5 Qxh3+ 39. Kg1 Qg3+ 40.
Kh1 Qh3+ 41. Kg1 Rxe5 42. f4 Re3 43. Bd5 0-1

[Event "III Festival"]
[Site "Toscolano-Maderno ITA"]
[Date "1997.10.??"]
[Round "?"]
[White "Efimov, Igor"]
[Black "Franco Ocampos, Zenon"]
[Result "0-1"]
[WhiteElo "2540"]
[BlackElo "2480"]
[PlyCount "102"]
[EventDate "1997.10.18"]

1. d4 Nf6 2. c4 e6 3. Nf3 b6 4. Nc3 Bb7 5. Bg5 Bb4 6. e3 h6 7. Bh4 c5 8. Be2
cxd4 9. exd4 Be7 10. O-O O-O 11. d5 Nxd5 12. Nxd5 Bxh4 13. Nxh4 exd5 14. Nf5
Qf6 15. Bg4 h5 16. Bh3 g6 17. Ne3 dxc4 18. Re1 Rd8 19. Nxc4 d5 20. Ne5 Nc6 21.
Nd3 Ba6 22. Rc1 Rd6 23. Qd2 Bxd3 24. Qxd3 Qxb2 25. Rc3 Rf6 26. f3 Qb4 27. Bd7
Rd8 28. Rb1 Qd4+ 29. Qxd4 Nxd4 30. Rc7 Ne2+ 31. Kf1 Nc3 32. Re1 d4 33. a3 a5
34. Re5 Kf8 35. Kf2 Rd6 36. Bb5 Nxb5 37. Rxb5 d3 38. Rc1 Ke7 39. h4 Kd7 40. Rb3
Rc8 41. Rd1 Rc2+ 42. Kg3 d2 43. Kf2 Rc1 44. Ke2 Rxd1 45. Kxd1 Kc6 46. Rc3+ Kb5
47. g4 Rd4 48. g5 Rxh4 49. Kxd2 Rd4+ 50. Ke3 Rd7 51. Ke4 Ka4 0-1

[Event "III Festival"]
[Site "Toscolano-Maderno ITA"]
[Date "1997.10.??"]
[Round "?"]
[White "Efimov, Igor"]
[Black "Samaritani, Fabio"]
[Result "1-0"]
[WhiteElo "2540"]
[BlackElo "2180"]
[PlyCount "59"]
[EventDate "1997.10.18"]

1. Nf3 Nf6 2. c4 g6 3. Nc3 Bg7 4. d4 O-O 5. e4 d6 6. h3 e5 7. dxe5 dxe5 8. Qxd8
Rxd8 9. Bg5 Re8 10. O-O-O Na6 11. Bd3 c6 12. Bc2 Be6 13. Nxe5 Nxe4 14. Nxe4
Bxe5 15. f4 f5 16. fxe5 fxe4 17. b3 Nc5 18. Rhe1 b5 19. cxb5 cxb5 20. Bxe4 Rac8
21. Bc2 a5 22. Kb1 a4 23. Re3 axb3 24. axb3 Bf5 25. Bxf5 gxf5 26. Kb2 Ne4 27.
Bf4 Re6 28. g4 Rec6 29. gxf5 Rc2+ 30. Kb1 1-0

[Event "III Festival"]
[Site "Toscolano-Maderno ITA"]
[Date "1997.10.??"]
[Round "?"]
[White "Faccia, Sergio"]
[Black "Cugini, Verter"]
[Result "1-0"]
[WhiteElo "1900"]
[BlackElo "2215"]
[PlyCount "109"]
[EventDate "1997.10.18"]

1. e4 e6 2. c4 d5 3. cxd5 exd5 4. d4 dxe4 5. Bc4 Bd6 6. Nc3 Qe7 7. Qe2 Nf6 8.
Bg5 Bg4 9. Bb5+ Bd7 10. Bxf6 Qxf6 11. Nxe4 Qe7 12. Nxd6+ cxd6 13. Bxd7+ Nxd7
14. Rc1 Qxe2+ 15. Nxe2 Kd8 16. Kd2 Nf6 17. Ng3 Kd7 18. Rhe1 Rhe8 19. f3 Nd5 20.
Re4 Nf6 21. Rxe8 Rxe8 22. Ne2 Nd5 23. Nc3 Nc7 24. Kd3 Re6 25. Rc2 Rh6 26. g3
Rf6 27. f4 Re6 28. d5 Re1 29. a3 Ra1 30. Kd4 a5 31. Rd2 Rc1 32. Kd3 Na6 33. Kc4
Nc7 34. a4 h5 35. Re2 h4 36. Kd3 Rg1 37. gxh4 Rg4 38. Ke4 Rxh4 39. Kf5 g6+ 40.
Kg5 Rh5+ 41. Kf6 Rf5+ 42. Kg7 Rxf4 43. Kf8 f5 44. Rg2 Rd4 45. Rxg6 Nxd5 46. Nb5
Ne7 47. Rg7 Re4 48. h4 Re6 49. Rf7 f4 50. h5 Kd8 51. Nd4 Re5 52. h6 Ng6+ 53.
Kg7 Ne7 54. h7 Rg5+ 55. Kh6 1-0

[Event "III Festival"]
[Site "Toscolano-Maderno ITA"]
[Date "1997.10.??"]
[Round "?"]
[White "Faccia, Sergio"]
[Black "Duarte, Riccardo"]
[Result "1-0"]
[WhiteElo "1900"]
[BlackElo "2005"]
[PlyCount "77"]
[EventDate "1997.10.18"]

1. e4 e5 2. d4 exd4 3. Bc4 d6 4. c3 Nf6 5. cxd4 Be7 6. Nc3 Be6 7. Bxe6 fxe6 8.
Qb3 Qc8 9. Nf3 c6 10. Bg5 h6 11. Bh4 g5 12. Bg3 Nh5 13. O-O Na6 14. e5 d5 15.
Qc2 Kd7 16. a3 Nc7 17. Na4 Na6 18. Rac1 Ng7 19. Ne1 Nf5 20. Qc3 Qf8 21. b4 Rc8
22. Nc5+ Nxc5 23. bxc5 h5 24. f3 Nxg3 25. hxg3 h4 26. g4 Qf4 27. Qb2 h3 28. Nd3
Qe3+ 29. Nf2 hxg2 30. Kxg2 Qf4 31. Rh1 Kc7 32. Rb1 Rhf8 33. Qxb7+ Kd8 34. Rb3
Qxd4 35. Rh7 Rc7 36. Qb8+ Rc8 37. Qxa7 Rc7 38. Rb8+ Kd7 39. Rxe7+ 1-0

[Event "III Festival"]
[Site "Toscolano-Maderno ITA"]
[Date "1997.10.??"]
[Round "?"]
[White "Faccia, Sergio"]
[Black "Luciani, Valerio"]
[Result "0-1"]
[WhiteElo "1900"]
[BlackElo "2225"]
[PlyCount "52"]
[EventDate "1997.10.18"]

1. e4 e6 2. c4 d5 3. cxd5 exd5 4. d4 Bb4+ 5. Nc3 dxe4 6. Bc4 Ne7 7. a3 Bxc3+ 8.
bxc3 O-O 9. Ne2 Kh8 10. O-O Ng6 11. f3 exf3 12. Rxf3 Be6 13. Bxe6 fxe6 14.
Rxf8+ Nxf8 15. Bf4 Na6 16. Rb1 Qd5 17. Bg3 Ng6 18. Qc1 c5 19. Nf4 Nxf4 20. Qxf4
b6 21. Rf1 Rg8 22. Qg4 cxd4 23. cxd4 Nb8 24. Rf7 Nc6 25. Bf2 Qc4 26. h4 Ne5 0-1

[Event "III Festival"]
[Site "Toscolano-Maderno ITA"]
[Date "1997.10.??"]
[Round "?"]
[White "Faccia, Sergio"]
[Black "Rossi, Giampiero"]
[Result "1-0"]
[WhiteElo "1900"]
[BlackElo "2150"]
[PlyCount "67"]
[EventDate "1997.10.18"]

1. e4 c5 2. b4 cxb4 3. Bb2 d5 4. exd5 Qxd5 5. c4 bxc3 6. Nxc3 Qa5 7. Nf3 Nf6 8.
Rc1 Nc6 9. Bb5 Bd7 10. O-O e6 11. d4 Bb4 12. d5 Bxc3 13. dxc6 bxc6 14. Bxc3
Qxb5 15. Bxf6 gxf6 16. Qd6 Qb8 17. Qc5 Qb6 18. Qd6 Rc8 19. Rfd1 Qb7 20. Qd3 e5
21. Rc5 Be6 22. Rdc1 Kf8 23. Nh4 Qd7 24. Qf3 Ke7 25. Qa3 Qd6 26. Qxa7+ Rc7 27.
Qb6 Rd8 28. h3 Rdc8 29. a4 Qd7 30. Qb4 Qd6 31. a5 Ra8 32. R1c2 Rd8 33. a6 Rdd7
34. Rc1 $139 1-0

[Event "III Festival"]
[Site "Toscolano-Maderno ITA"]
[Date "1997.10.??"]
[Round "?"]
[White "Franco Ocampos, Zenon"]
[Black "Arlandi, Ennio"]
[Result "1/2-1/2"]
[WhiteElo "2480"]
[BlackElo "2470"]
[PlyCount "21"]
[EventDate "1997.10.18"]

1. d4 Nf6 2. c4 e6 3. Nc3 d5 4. cxd5 exd5 5. Bg5 c6 6. e3 Be7 7. Bd3 O-O 8. Nf3
Nbd7 9. O-O Re8 10. Qc2 Nf8 11. Rae1 1/2-1/2

[Event "III Festival"]
[Site "Toscolano-Maderno ITA"]
[Date "1997.10.??"]
[Round "?"]
[White "Franco Ocampos, Zenon"]
[Black "De Santis, Alessio"]
[Result "1-0"]
[WhiteElo "2480"]
[BlackElo "2185"]
[PlyCount "113"]
[EventDate "1997.10.18"]

1. Nf3 d6 2. e4 Nf6 3. Nc3 c6 4. d4 Bg4 5. Be2 e6 6. h3 Bh5 7. g4 Bg6 8. Bg5
Be7 9. Bxf6 Bxf6 10. h4 d5 11. exd5 exd5 12. Qd2 Nd7 13. O-O-O O-O 14. Kb1 Re8
15. g5 Be7 16. Bd3 Bxd3 17. Qxd3 Bd6 18. h5 Re6 19. Rdg1 Nf8 20. Qf5 Qe7 21.
Qh3 Re8 22. a3 b5 23. Nd1 Bf4 24. Rg4 Qc7 25. Qh4 Bd6 26. Ne3 b4 27. axb4 Qb6
28. Nd1 Qxb4 29. g6 fxg6 30. hxg6 h6 31. Qh5 Re4 32. Qf5 Qb7 33. Ne5 Bxe5 34.
Rxe4 dxe4 35. Qxe4 Qe7 36. dxe5 Qxe5 37. Qxc6 Qe4 38. Qxe4 Rxe4 39. Rh5 Nxg6
40. Ra5 Re1 41. Kc1 Re7 42. c4 Nf4 43. Kc2 h5 44. Ne3 g6 45. b4 Kf8 46. b5 h4
47. c5 Re5 48. c6 h3 49. b6 h2 50. b7 Re8 51. Ra1 Ne6 52. Kc3 Ke7 53. Nc4 Rh8
54. Rh1 Rh3+ 55. Ne3 Rh8 56. Rxh2 Rb8 57. Nc4 1-0

[Event "III Festival"]
[Site "Toscolano-Maderno ITA"]
[Date "1997.10.??"]
[Round "?"]
[White "Franco Ocampos, Zenon"]
[Black "Luciani, Valerio"]
[Result "1-0"]
[WhiteElo "2480"]
[BlackElo "2225"]
[PlyCount "67"]
[EventDate "1997.10.18"]

1. c4 e5 2. Nc3 Nc6 3. g3 g6 4. Bg2 Bg7 5. e4 d6 6. Nge2 Nge7 7. d3 O-O 8. O-O
Be6 9. Rb1 Qd7 10. Nd5 f5 11. b3 Rae8 12. Bb2 Nc8 13. Qd2 Nd8 14. f4 c6 15. Ne3
Ne7 16. Rbd1 Qc7 17. d4 fxe4 18. fxe5 d5 19. Nf4 Qd7 20. Ba3 Bh6 21. Bd6 Nf7
22. cxd5 cxd5 23. Nxe6 Qxe6 24. Bxe7 Rxe7 25. Rf6 Qd7 26. Qe2 Bg5 27. Ng4 Qd8
28. Rff1 h5 29. Nf6+ Kg7 30. h4 Bh6 31. Bh3 Qa5 32. Kh1 Rd8 33. Qf2 Rc7 34. e6
1-0

[Event "III Festival"]
[Site "Toscolano-Maderno ITA"]
[Date "1997.10.??"]
[Round "?"]
[White "Franco Ocampos, Zenon"]
[Black "Sulava, Nenad"]
[Result "1/2-1/2"]
[WhiteElo "2480"]
[BlackElo "2375"]
[PlyCount "66"]
[EventDate "1997.10.18"]

1. d4 e6 2. Nf3 c5 3. e3 Nf6 4. Bd3 a6 5. c4 d5 6. dxc5 dxc4 7. Bxc4 Qxd1+ 8.
Kxd1 Ne4 9. Ke2 Nxc5 10. a3 Nbd7 11. Nc3 Nb6 12. Ba2 Bd7 13. b3 Rc8 14. Bd2 Bd6
15. Rhc1 Ke7 16. e4 f6 17. Be3 Rc7 18. e5 fxe5 19. b4 e4 20. bxc5 exf3+ 21.
gxf3 Be5 22. f4 Bxc3 23. cxb6 Bb5+ 24. Kf3 Rc6 25. Rab1 Rhc8 26. Bb3 Bb2 27.
Rg1 Bf6 28. a4 Bd3 29. Rbd1 Bg6 30. Rc1 Bh5+ 31. Ke4 Bg6+ 32. Kf3 Bh5+ 33. Ke4
Bg6+ 1/2-1/2

[Event "III Festival"]
[Site "Toscolano-Maderno ITA"]
[Date "1997.10.??"]
[Round "?"]
[White "Franco Ocampos, Zenon"]
[Black "Vallejo Pons, Francisco"]
[Result "1/2-1/2"]
[WhiteElo "2480"]
[BlackElo "2415"]
[PlyCount "23"]
[EventDate "1997.10.18"]

1. e4 e5 2. Nf3 Nf6 3. Nxe5 d6 4. Nf3 Nxe4 5. Qe2 Qe7 6. d3 Nf6 7. Bg5 Nbd7 8.
Nc3 Qxe2+ 9. Bxe2 h6 10. Bh4 Be7 11. O-O-O O-O 12. Rhe1 1/2-1/2

[Event "III Festival"]
[Site "Toscolano-Maderno ITA"]
[Date "1997.10.??"]
[Round "?"]
[White "Lantini, Marco"]
[Black "Efimov, Igor"]
[Result "0-1"]
[WhiteElo "2190"]
[BlackElo "2540"]
[PlyCount "52"]
[EventDate "1997.10.18"]

1. e4 c5 2. Nf3 e6 3. Nc3 a6 4. Be2 b5 5. O-O Bb7 6. d4 cxd4 7. Nxd4 d6 8. Bf3
Nd7 9. a4 bxa4 10. e5 Bxf3 11. Nxf3 dxe5 12. Qe2 Ngf6 13. Nxa4 Qb8 14. Nc3 a5
15. Nb5 Bc5 16. Bd2 O-O 17. Bxa5 e4 18. Nd2 e3 19. Bc7 exf2+ 20. Kh1 Qb7 21.
Bg3 Nd5 22. Ne4 Ne3 23. Nbd6 Rxa1 24. Rxa1 Qxb2 25. Rf1 Nxf1 26. Nxc5 Nxg3+ 0-1